00534nam a22001097a 4500008004100000100001400041245010200055260002900157300003200186520017700218773002900395250722b ||||| |||| 00| 0 eng d aGuo, Jie  aGender recognition and the law: Troubling transgender peoples’ engagement with legal regulation aSocial & Legal Studies  a34(3), Jun, 2025: p.461-464 aFlora Renz, New York: Routledge, 2024, pp. 176, ISBN 9780367566418, £135 (hbk), £36 (ebook).- Reproduced https://journals.sagepub.com/doi/abs/10.1177/09646639241279962  aSocial & Legal Studies